000 00657nam a2200229Ia 4500
001 1340
003 GE_BSU
008 181216s||||||||xx |||||||||||||| ||und||
020 _a5060016730
040 _cGE_BSU
080 _a811.161.1(075.8)
100 _aЧеснокова,Л.Д.
245 _aРусский язык.Трудные случаи морфологического разбора
245 _bУч-е пособие для студ. филологов
260 _aМосква
260 _bВысшая школа
260 _c1991
300 _a192стр.
541 _h6л.
653 _aРусский язык
942 _cBK
999 _c35481
_d35481